000 00212nam a22000977a 4500
003 SGT
245 _aJournal of Dental Research
260 _bSage Publisher
_c2021-2022
300 _a776,1524,608,
942 _2ddc
_cBV
999 _c30400
_d30400